000 00321nam a22001217a 4500
082 _a220 PRO
100 _aIBRAHIM QADIR ALI HANIF
_971656
245 _aPR-SOF-1652-AASANI
260 _aISLAMABAD
_bNUST COLLEGE OF EME
_c2017
650 _aDE-COMP-35
700 _aDR SHOAB A.KHAN DR WASI HAIDER BUTT
_971657
942 _cCR
999 _c578057
_d578057